000 01287cam a2200253 a 4500
003 OSt
005 20260429142611.0
008 060804s2006 enka b 001 0 eng
020 _a9780521857048 (hbk.)
020 _a9780521898799 (pbk.)
020 _a052185704X
082 0 0 _a306.850954 GHO
100 1 _aGhosh, Durba,
_d1967-
245 1 0 _aSex and the family in colonial India :
_bthe making of empire /
_cDurba Ghosh.
260 _aNew York :
_bCambridge University Press,
_c2006.
300 _axi, 277 p. :
_c24 cm.
440 0 _aCambridge studies in Indian history and society ;
_v13
505 _aTable of Contents: Acknowledgements Introduction 1. Colonial companions 2. Residing with begums: William Palmer, James Achilles Kirkpatrick and their 'wives' 3. Good patriarchs, uncommon families 4. Native women, native lives 5. Household order and colonial justice 6. Servicing military families: family labour, pensions and orphans Conclusion Bibliography Index.
650 0 _aInterracial marriage
_zIndia
_xHistory
_y18th century.
650 0 _aInterracial marriage
_zIndia
_xHistory
_y19th century.
650 0 _aConcubinage
_zIndia
_xHistory
_y18th century.
856 4 1 _3Table of contents
_uhttp://www.loc.gov/catdir/toc/ecip0618/2006025599.html
942 _2ddc
_cBK
999 _c30581
_d30581